Statistiques concernant Pokémon - Les attaques de Cryptéro

Cliquez ici pour prendre le quiz!

Statistiques générales

  • Ce quiz a été pris 11 fois
  • Le résultat moyen est 10 sur 15

Statistiques - réponses

NiveauxTypesNoms des attaques% Correct
Niveau 40PsyPsyko
100%
DépartPsyChoc Mental
88%
DépartVolTornade
88%
Niveau 50PsyMur Lumière
75%
Niveau 50PsyProtection
75%
Niveau 20PsyRafale Psy
75%
Niveau 15VolTranch'Air
75%
Niveau 45VolVent Arrière
75%
Niveau 10PsyHypnose
63%
Niveau 35VolLame d'Air
63%
Niveau 55VolPiqué
63%
Niveau 60PsyÉchange
50%
Niveau 25NormalCyclone
25%
Niveau 5PsyGravité
25%
Niveau 30PsyForce Cosmique
13%

Distribution des résultats

Percentile par nombre de réponses

% des personnes avec chaque résultat

Votre développement - résultats

Vous n’avez pas pris ce quiz